Les grandes villes Hittites - Statistiques

Statistiques générales
  • Ce quiz a été pris 2 fois
  • Le résultat moyen est 12 sur 19
Statistiques - réponses
Hint Réponse % Correct
Ville de Syrie qui est encore habitée aujourd'hui, pillée par l'un des tout premiers rois hittites Alep
100%
Ville de la plus grande déesse Soleil du monde Hittite Arinna
100%
4 plus grandes villes du centre de l'Anatolie d'après leurs noms trucs : 1. la capitale Hattusa
100%
Ville où eut lieu une bataille célèbre Kadesh
100%
Nom hittite de la ville de Milet Milawatta
100%
Ville au dieu de l'Orage prestigieux, prise par les Gasgas Nerik
100%
Plus grand port commercial du Proche-Orient en son temps Ougarit
100%
3. Aujourd'hui appelée Ortaköy Sapinuwa
100%
Nom hittite de la ville de Troie Wilusa
100%
Grande Ville du Bas Pays Lawazantiya
50%
Ville des marchands assyriens Nesa
50%
Ville qui fut l'endroit d'une défaite en 1179 Nihriya
50%
2. Aujourd'hui appelée Kayalıpınar Samuha
50%
Nom hittite de la ville d'origine de saint Paul Tarsa
50%
Ville de culture palaïte Zithara
50%
Ville conquise par Hattusili Ier, de laquelle il ramena le dieu de l'Orage d'Alep Hassuwa
0%
Grande ville du Bas Pays Hupisna
0%
Plus grand centre urbain du Kizzuwatna Kummanni
0%
4. Aujourd'hui appelée Maşat Tapikka
0%
Aucun quiz correspondant
Distribution des résultats
% des personnes avec chaque résultat
Percentile par nombre de réponses
Votre historique - résultats
Vous n’avez pas pris ce quiz